| 000 | 00644cam a2200205 4500500 | ||
|---|---|---|---|
| 005 | 20260329002806.0 | ||
| 041 | _afre | ||
| 042 | _adc | ||
| 100 | 1 | 0 |
_aCharnay, Julien _eauthor |
| 245 | 0 | 0 | _aMichael Walzer : « Une action en Syrie est illégale mais nécessaire » |
| 260 | _c2013. | ||
| 500 | _a4 | ||
| 690 | _aArmes chimiques | ||
| 690 | _aÉtats-Unis | ||
| 690 | _aIntervention | ||
| 690 | _aMichael Walzer | ||
| 690 | _aSyrie | ||
| 786 | 0 | _nPhilosophie magazine | 73 | 10 | 2013-10-01 | p. 4-5 | 1951-1787 | |
| 856 | 4 | 1 | _uhttps://shs.cairn.info/magazine-philosophie-magazine-2013-10-page-4?lang=fr&redirect-ssocas=7080 |
| 999 |
_c1818409 _d1818409 |
||